Nazioni con una sola medaglia alle Olimpiadi estive - Statistics

Statistiche generali
  • Questo quiz è stato fatto 5 volte
  • Il punteggio medio è 7 su 20
Statistiche sulle risposte
Medaglie complessive Medaglie d'oro Medaglie d'argento Medaglie di bronzo Nazione % Corretto
1 0 1 0 Montenegro
75%
1 0 1 0 Samoa
75%
1 0 1 0 Tonga
75%
1 0 0 1 Barbados
50%
1 0 1 0 Cipro
50%
1 0 0 1 Gibuti
50%
1 0 0 1 Guyana
50%
1 0 0 1 Iraq
50%
1 0 0 1 Togo
50%
1 0 1 0 Turkmenistan
50%
1 0 0 1 Burkina Faso
25%
1 0 0 1 Eritrea
25%
1 0 1 0 Gabon
25%
1 0 1 0 Guatemala
25%
1 0 0 1 Mauritius
25%
1 0 1 0 Antille Olandesi
0%
1 0 1 0 Isole Vergini Britanniche
0%
1 0 1 0 Paraguay
0%
1 0 1 0 Senegal
0%
1 0 1 0 Sudan
0%
Nessun quiz corrispondente trovato
Distribuzione punteggi
Percentuale di utenti per punteggio
Percentile per numero di risposta
I tuoi punteggi nel tempo
Non hai fatto questo quiz